000 00258nam a22001097a 4500
082 _a541.22 PAU'A
100 _aPAULING, L,HAYWARD, R
_956926
245 _aTHE ARCHITECTURE OF MOLECULES
260 _aLONDON
_bW.H.FREEMAN
_c1964
300 _a59P
942 _cBK
999 _c567244
_d567244